| 000 | 00438nam a22001697a 4500 | ||
|---|---|---|---|
| 001 | 0011792 | ||
| 003 | DO-SdBNP | ||
| 005 | 20180209115849.0 | ||
| 008 | 180209b xxu||||| |||| 00| 0 spa d | ||
| 020 | _a9781581700442 | ||
| 040 |
_aBPMSU _bspa _cBPMSU |
||
| 100 | 1 | _aLashbrook, Marilyn | |
| 245 | 1 | 0 | _aAunque soy pequeño : |
| 260 |
_aMéxico : _bArco Iris Internacional, _c2000. |
||
| 942 |
_2ddc _cBK |
||
| 945 | _ainventariado, 2018 / dg | ||
| 999 |
_c12006 _d12006 |
||